000 00671nam a22001697a 4500
005 20141106103719.0
008 141106b xxu||||| |||| 00| 0 eng d
050 _aBV 3774
_b.B423 1995
100 _aBeiting, Ralph W.
245 _aPilgrimage of a country preacher... :
_ba journey to the holy land of Appalachia /
_cFather Ralph W. Beiting.
260 _aLancaster, KY :
_bChristian Applanchian Project.
_c1995.
300 _a110 pages :
_billustrations ;
_c17 cm.
650 _aCatholic Church
_xUnited States
_xClergy
_xBiography
650 _aMIssionaries
_xAppalachian Region
_xBiography.
650 _aChristian Appalachian Project
_xBiography.
942 _2lcc
_cBK
_kFOR
999 _c276704
_d276704